000 01039nam a22002177a 4500
003 NALT
005 20251125232922.0
008 s2517 th tha d
040 _aNALT
041 _atha
090 _aอศ ช358จ
245 0 0 _aจดหมายเหตุรายวันในพระบาทสมเด็จพระมงกุฎเกล้าเจ้าอยู่หัว.
260 _aกรุงเทพฯ :
_bโรงพิมพ์มหามกุฏราชวิทยาลัย,
_c2517.
300 _a200 หน้า.
600 4 _957970
_aชัชวลิต เกษมสันต์,
_cม.จ.,
_d2437-2517
651 4 _917770
_aไทย
_xประวัติศาสตร์
_yกรุงรัตนโกสินทร์
_yรัชกาลที่ 6, 2453-2468
850 _aNALT
856 4 0 _uhttps://hdl.handle.net/20.500.14156/515658
942 _cCRE
_2local
998 _bSOPAPORN
_cDAO
_j1020
_k จำเรียง ระวังสำโรง
999 _c23358
_d23358